Países más adivinados en Jetpunk - A-Z - Estadísticas

Estadísticas generales
  • Esta prueba ha sido intentada 176 veces
  • La puntuación promedio es 17 de 23
Estadísticas de respuestas
# País más adivinado % Correcto
F 94% Francia
92%
B 95% Brasil
89%
A 95% Argentina
88%
D 73% Dinamarca
88%
E 96% Estados Unidos
88%
C 95% Canada
86%
R 93% Rusia
86%
Y 51% Yemen
83%
Z 36% Zambia
83%
O 46% Omán
81%
J 91% Japón
79%
I 93% Italia
72%
M 96% Mexico
72%
V 88% Venezuela
72%
H 73% Honduras
70%
U 88% Uruguay
66%
G 80% Grecia
62%
P 91% Perú
61%
N 77% Noruega
54%
S 82% Suecia
54%
K 52% Kazajistán
51%
T 75% Turquía
51%
L 63% Lituania
43%
No se encontraron pruebas coincidentes
Distribución de puntuación
Porcentaje de gente con cada puntuación
Porcentaje por número respondido
Historial de tus puntuaciones
No has intentado esta prueba.